000 00713nam a2200181 a 4500
008 100118s2008 ||||||||||||||||| || u
020 _a1420069829
050 _aTK 7881.15 Gur
100 _aGurevich, Vladimir
245 1 0 _aElectronic devices on discrete components for industrial and power engineering
_cby Vladimir Gurevich
260 _aNew York:
_bCRC Press
_c2008
300 _a419p.: ill
350 _a0.00
650 0 _aELECTRONICS
650 _aINDUSTRIAL ELECTRONICS
650 _aPOWER ELECTRONICS--EQUIPMENT AND SUPPLIES
995 _D0.00
_FCBU-MAIN LIBRARY (Kitwe)
_H1
_I0.00
_M1
_UAVAILABLE
_WMar 3, 2010
_ZMain Library Open Access Collection
999 _c41540
_d41540